Statistiques concernant Top 10 des pays où un voyage coûte le moins cher

Cliquez ici pour prendre le quiz!

Statistiques générales

  • Ce quiz a été pris 115 fois
  • Le résultat moyen est 3 sur 10

Statistiques - réponses

HintRéponse% Correct
#1Inde
67%
#9Grèce
49%
#5Vietnam
46%
#7Cambodge
36%
#3Bulgarie
31%
#10Argentine
29%
#6Hongrie
28%
#2Sri Lanka
23%
#4Bolivie
21%
#8Honduras
7%

Distribution des résultats

Percentile par nombre de réponses

% des personnes avec chaque résultat

Votre développement - résultats

Vous n’avez pas pris ce quiz